Countries Most Similar To Democratic Republic of the Congo - Statistics

General Stats
  • This quiz has been taken 36 times
  • The average score is 15 of 20
Answer Stats
Rank Country Score % Correct
1 Republic of the Congo 85.6
100%
10 Angola 73.4
91%
8 Rwanda 73.7
86%
15 Tanzania 71.5
86%
4 Burundi 77.3
82%
2 Cameroon 79.2
82%
18 Zambia 70.9
82%
11 Gabon 73.2
77%
20 Ghana 69.1
73%
3 CAR 78.6
68%
7 Ivory Coast 73.9
68%
17 Liberia 71.1
68%
12 Mozambique 72.8
68%
14 Uganda 71.8
68%
9 Equatorial Guinea 73.7
64%
16 Madagascar 71.3
64%
6 Guinea 74
59%
5 Togo 74.9
59%
13 Benin 72.5
55%
19 Guinea Bissau 69.4
50%
No matching quizzes found
Score Distribution
Percent of People with Each Score
Percentile by Number Answered
Your Score History
You have not taken this quiz